[Event "Titled Tuesday intern op 23rd Feb"]
[Site "Chess.com INT"]
[Date "2021.02.23"]
[Round "7"]
[White "Svane, Rasmus"]
[Black "Postny, Evgeny"]
[Result "1-0"]
[WhiteElo "2613"]
[BlackElo "2605"]
[PlyCount "113"]
[EventDate "2021.02.23"]
[EventType "swiss (blitz)"]
[EventRounds "11"]
[EventCountry "USA"]
[SourceTitle "CBM 200 Extra"]
[Source "ChessBase"]
[SourceDate "2021.03.31"]
[SourceVersion "1"]
[SourceVersionDate "2021.03.31"]
[SourceQuality "1"]

1. Nf3 d5 2. g3 c6 3. Bg2 Bg4 4. O-O Nf6 5. h3 Bxf3 6. Bxf3 e5 7. d3 Bc5 8. e4 dxe4 9. dxe4 Qxd1 10. Rxd1 Nbd7 11. c3 $146 ({RR} 11. Nd2 Ke7 12. Nc4 a5 13. a4 Rhd8 14. Bd2 b6 15. Bc3 Ke6 16. h4 h5 17. Bg2 Ng4 18. Bh3 Bxf2+ 19. Kg2 Bc5 20. Rf1 g6 21. Rae1 b5 22. Ne3 Ndf6 23. axb5 cxb5 24. Rxf6+ Kxf6 25. Bxg4 Bxe3 {Mikhalevski,V (2506)-Vaganian,R (2449) chess.com INT 2025 0-1 (39)}) 11... O-O-O 12. Nd2 h5 13. Nb3 Bb6 14. Bg5 Nc5 15. Nxc5 Bxc5 16. Kf1 Bb6 17. Ke2 Rxd1 18. Rxd1 Nh7 19. Bc1 Nf6 20. h4 Rd8 21. Rxd8+ Bxd8 22. Be3 a6 23. Bc5 g6 24. Bf8 Kd7 25. Bg2 Be7 26. Bh6 Ne8 27. Bh3+ Kc7 28. Kd3 Bc5 29. Ke2 Be7 30. f3 b5 31. b3 a5 32. Be3 Nd6 33. Kd3 Nb7 34. Bd2 Nc5+ 35. Kc2 Bd6 36. Be3 Nb7 37. Bf2 Bc5 38. Be1 Bg1 39. Bf1 Nd6 40. a4 bxa4 41. bxa4 Bc5 42. Bd3 Kb6 43. Kd1 Kc7 44. Ke2 Kb6 45. Bd2 Kc7 46. Bg5 Nb7 47. Bc4 Nd6 48. Bb3 Kd7 49. Bf6 Bb6 50. Bxe5 f5 51. Bxd6 Kxd6 52. Bf7 fxe4 53. fxe4 Bc7 54. Bxg6 Kc5 55. Kf3 Kc4 56. Bxh5 Kxc3 57. Bg6 1-0

[Event "Titled Tuesday intern op 23rd Feb"]
[Site "Chess.com INT"]
[Date "2021.02.23"]
[Round "7"]
[White "Timofeev, Artyom"]
[Black "Goryachkina, Aleksandra"]
[Result "1-0"]
[WhiteElo "2594"]
[BlackElo "2593"]
[PlyCount "103"]
[EventDate "2021.02.23"]
[EventType "swiss (blitz)"]
[EventRounds "11"]
[EventCountry "USA"]
[SourceTitle "CBM 200 Extra"]
[Source "ChessBase"]
[SourceDate "2021.03.31"]
[SourceVersion "1"]
[SourceVersionDate "2021.03.31"]
[SourceQuality "1"]

1. b3 d5 2. Bb2 c5 3. e3 a6 4. Nf3 Nc6 5. Be2 Nf6 6. O-O e6 7. d4 cxd4 8. Nxd4 Nxd4 9. Bxd4 Be7 10. Nd2 O-O 11. c4 Bd7 12. Rc1 $146 ({RR} 12. Nf3 Rc8 13. Bd3 dxc4 14. Bxc4 Bc6 15. Ne5 Qa5 16. Qe2 Bd5 17. Rac1 Ba3 18. Rc2 Be4 19. Bd3 Bxd3 20. Qxd3 Qd5 21. f3 Rfd8 22. Qe2 b5 23. Rd1 Qb7 24. Rdd2 Nd5 25. Rxc8 Rxc8 26. Rc2 f6 {Fasselt,H (1836)-Storck,M (1958) Germany 2019 ½-½ (33)}) 12... Rc8 13. Bf3 Bc6 14. Qe2 dxc4 15. Nxc4 Bxf3 16. Qxf3 Qd5 17. Qg3 Qh5 18. h3 Qg6 19. Qxg6 hxg6 20. Nb6 Rxc1 21. Rxc1 Bd6 22. Bxf6 gxf6 23. Nd7 Rd8 24. Nxf6+ Kg7 25. Ne4 Be5 26. f4 Bb8 27. Kf2 Rd7 28. Ke2 Ba7 29. g4 f5 30. Ng5 Re7 31. Nf3 Bb8 32. Rc8 Bd6 33. g5 Kf7 34. h4 Bc7 35. a4 Bd6 36. Rh8 Kg7 37. Rd8 Bc7 38. Rc8 Bd6 39. Nd2 Bc7 40. Nc4 b5 41. axb5 axb5 42. Na3 e5 43. Nxb5 Bb6 44. Rc6 exf4 45. Rxb6 Rxe3+ 46. Kf2 Rxb3 47. Rb7+ Kf8 48. Nd6 Rh3 49. Rh7 f3 50. Rh6 Kg7 51. Nc4 f4 52. Ne5 1-0

[Event "PNWCC Super G60 Feb Gp1"]
[Site "Chess.com INT"]
[Date "2021.02.28"]
[Round "5"]
[White "Pantsulaia, Levan"]
[Black "Abdusattorov, Nodirbek"]
[Result "1-0"]
[WhiteElo "2553"]
[BlackElo "2627"]
[PlyCount "147"]
[EventDate "2021.02.27"]
[EventType "swiss"]
[EventRounds "6"]
[EventCountry "USA"]
[SourceTitle "CBM 200 Extra"]
[Source "ChessBase"]
[SourceDate "2021.03.31"]
[SourceVersion "1"]
[SourceVersionDate "2021.03.31"]
[SourceQuality "1"]

1. g3 Nf6 2. Bg2 e6 3. Nf3 b6 4. d3 d5 5. O-O Bb7 6. Nbd2 Nbd7 7. Re1 Bc5 8. h3 ({RR} 8. d4 Be7 9. b3 c5 10. Bb2 O-O 11. c4 dxc4 12. Nxc4 b5 13. Nce5 Nxe5 14. Nxe5 Bxg2 15. Kxg2 Qd5+ 16. Kg1 Rfd8 17. Rc1 Bd6 18. Nf3 Rac8 19. dxc5 Bxc5 20. Bxf6 Qxd1 21. Rexd1 Rxd1+ 22. Rxd1 gxf6 {Efimenko,Z (2568)-Kempinski,R (2566) Hamburg GER 2025 ½-½}) 8... O-O 9. a3 $146 ({RR} 9. e4 dxe4 10. dxe4 e5 11. c3 a5 12. Qc2 Re8 13. Nf1 Bf8 14. Nh4 Nc5 15. Bg5 Qd3 16. Qxd3 Nxd3 17. Re2 Re6 18. Bxf6 Rxf6 19. Ne3 Bc5 20. Ng4 Rd6 21. Nf5 Rd7 22. Rd1 Rad8 23. Nge3 c6 {Ebner,W (2235)-Kastner,W (2220) Austria 1995 0-1 (40)}) ({RR} 9. e4 dxe4 10. dxe4 e5 11. Nh4 g6 12. Nb3 Be7 13. Bh6 Re8 14. Qe2 Bf8 15. Bg5 h6 16. Bd2 a5 17. Rad1 Qe7 18. a3 Qe6 19. Bc1 a4 20. Nd2 Nc5 21. Kh2 Rad8 22. Qe3 Kh7 23. f3 Qc6 {Ponomariov,R (2764)-Bruzon Batista,L (2673) Khanty-Mansiysk 2011 0-1 (49)}) 9... a5 10. c4 Qe7 11. cxd5 exd5 12. Nb3 Rfe8 13. Bd2 Bd6 14. Nbd4 c5 15. Nf5 Qe6 16. Nxd6 Qxd6 17. b4 d4 18. bxa5 bxa5 19. Rb1 Bd5 20. a4 Qc6 21. Qc2 Ra6 22. Rb5 Qa8 23. Nh4 h6 24. e4 dxe3 25. Rxe3 g5 26. Bxd5 Qxd5 27. Ng2 Rae6 28. Rxa5 Rxe3 29. Nxe3 Qf3 30. Qb1 Ne5 31. Rxc5 Nfd7 32. Rd5 g4 33. hxg4 Qe2 34. Qd1 Qxd1+ 35. Nxd1 Nb6 36. Rb5 Nxa4 37. Bxh6 Nxd3 38. Be3 Re4 39. g5 Ne1 40. f4 Kg7 41. Kf2 Nc2 42. Rb7 Nc3 43. Nxc3 Rxe3 44. Nd5 Ra3 45. Nf6 Kg6 46. Ng4 Nd4 47. Ne5+ Kf5 48. Nxf7 Ra2+ 49. Ke3 Nc2+ 50. Kd3 Ne1+ 51. Kc4 Rc2+ 52. Kb3 Rg2 53. Nh6+ Ke4 54. Re7+ Kf3 55. g6 Rxg3 56. g7 Kxf4+ 57. Ka4 Nf3 58. g8=Q Rxg8 59. Nxg8 Nd4 60. Rd7 Ke4 61. Nf6+ Ke3 62. Kb4 Nf5 63. Kc3 Kf4 64. Kd3 Ke5 65. Ng4+ Ke6 66. Ra7 Nd6 67. Ne3 Nf7 68. Ra6+ Ke5 69. Nc4+ Kd5 70. Rf6 Nh8 71. Ne3+ Ke5 72. Ng4+ Kd5 73. Ke3 Nf7 74. Rxf7 1-0

[Event "ARM-ch Rapid"]
[Site "Yerevan"]
[Date "2021.03.02"]
[Round "5"]
[White "Petrosian, Tigran L"]
[Black "Martirosyan, Haik M"]
[Result "1-0"]
[WhiteElo "2601"]
[BlackElo "2622"]
[PlyCount "55"]
[EventDate "2021.03.02"]
[EventType "swiss (rapid)"]
[EventRounds "9"]
[EventCountry "ARM"]
[SourceTitle "CBM 201 Extra"]
[Source "ChessBase"]
[SourceDate "2021.05.30"]
[SourceVersion "1"]
[SourceVersionDate "2021.05.30"]
[SourceQuality "1"]

1. Nf3 Nf6 2. b3 c5 3. Bb2 d6 4. e3 ({RR} 4. d4 cxd4 5. Qxd4 g6 6. g3 Bg7 7. Qd1 O-O 8. Bg2 Nc6 9. O-O Bf5 10. c4 Bxb1 11. Qxb1 Qb6 12. e3 Rfd8 13. Nd4 d5 14. Nxc6 bxc6 15. Qc2 a5 16. Rab1 e6 17. Rfc1 Nd7 18. Bxg7 Kxg7 {Nakamura,H (2750)-Erigaisi,A (2675) Chess.com INT 2022 1-0 (36)}) 4... e5 5. Bb5+ ({RR} 5. d4 cxd4 6. exd4 e4 7. Nfd2 d5 8. c4 Nc6 9. Be2 Be7 10. O-O O-O 11. cxd5 Qxd5 12. Nc3 Qf5 13. Nc4 Rd8 14. Ne3 Qg5 15. d5 Ne5 16. Kh1 Ng6 17. Nb5 a6 18. Nc3 h5 19. Qd4 Nf4 {Pereyra,G (2041)-Bazyrtsyrenov,K (2284) chess.com INT 2025 0-1}) ({RR} 5. d4 e4 6. Nfd2 cxd4 7. Bxd4 d5 8. Be2 Nc6 9. Bb2 Bd6 10. O-O O-O 11. c4 Ne5 12. cxd5 Bf5 13. Nc4 Re8 14. h3 Bb8 15. Nxe5 Bxe5 16. Bxe5 Rxe5 17. Nc3 Nxd5 18. Qd4 Nxc3 19. Qxc3 Rd5 {Nihal,S (2620)-Martirosyan,H (2632) Chess.com INT 2021 ½-½ (52)}) 5... Nbd7 6. d4 $146 ({RR} 6. O-O a6 7. Be2 b5 8. c4 bxc4 9. bxc4 Rb8 10. Bc3 Qc7 11. Qa4 Be7 12. Ba5 Qa7 13. Nc3 O-O 14. Rab1 Bb7 15. d3 Rfc8 16. Nd2 Bc6 17. Qa3 d5 18. e4 dxc4 19. dxc4 Nf8 20. Nd5 Nxd5 {Nippgen,G-Bialas,W Germany SouthWest 1978 0-1 (50)}) 6... cxd4 7. exd4 e4 8. Nfd2 d5 9. Be2 Bd6 10. c4 O-O 11. Nc3 Re8 12. c5 Bc7 13. b4 Nf8 14. Nf1 Ne6 15. g3 b6 16. c6 Qd6 17. a3 Qxc6 18. Bb5 Qd6 19. Bxe8 Nxe8 20. Ne3 Nf6 21. Nb5 Qd7 22. Nxc7 Qxc7 23. Rc1 Qd7 24. Qc2 Ba6 25. Qc6 Qd8 26. Nf5 Rc8 27. Qxc8 Bxc8 28. Rxc8 1-0

[Event "Titled Tuesday intern op 02nd Mar"]
[Site "Chess.com INT"]
[Date "2021.03.02"]
[Round "7"]
[White "Goryachkina, Aleksandra"]
[Black "Terry, Renato"]
[Result "1-0"]
[WhiteElo "2593"]
[BlackElo "2504"]
[PlyCount "119"]
[EventDate "2021.03.02"]
[EventType "swiss (blitz)"]
[EventRounds "11"]
[EventCountry "USA"]
[SourceTitle "CBM 201 Extra"]
[Source "ChessBase"]
[SourceDate "2021.05.30"]
[SourceVersion "1"]
[SourceVersionDate "2021.05.30"]
[SourceQuality "1"]

1. Nf3 Nf6 2. g3 d5 3. Bg2 c6 4. O-O Bg4 5. h3 Bh5 6. d4 Nbd7 7. c4 e6 8. cxd5 cxd5 9. Ne5 ({RR} 9. Nc3 Be7 10. Qb3 Bxf3 11. Bxf3 Qb6 12. e4 dxe4 13. Nxe4 Qxb3 14. axb3 Nd5 15. Nc3 N7b6 16. Re1 a6 17. Bd2 O-O-O 18. Ne4 Bb4 19. Rec1+ Kb8 20. Bc3 Rd7 21. Rc2 Rc8 22. Nc5 Rdc7 23. Bxb4 Nxb4 {Harikrishna,P (2731)-Stojanovic,M (2511) Switzerland 2018 0-1 (49)}) ({RR} 9. Nc3 Bd6 10. Qb3 Qb6 11. e4 Nxe4 12. Nxe4 dxe4 13. Ng5 Qxb3 14. axb3 Bb4 15. g4 Bg6 16. Nxe4 a5 17. Be3 Rc8 18. Rfc1 O-O 19. Nc3 b6 20. Bb7 Rc7 21. Ba6 Nf6 22. Bc4 Bxc3 23. bxc3 Nd5 {Mica,M (2333)-Velicka,P (2334) Czech Republic CZE 2025 0-1 (94)}) 9... Be7 10. Nc3 O-O 11. g4 $146 ({RR} 11. Qb3 Qb6 12. Qxb6 Nxb6 13. Bf4 Rfc8 14. g4 Bg6 15. h4 h6 16. Nxg6 fxg6 17. Bf3 Nc4 18. b3 Nd6 19. Rac1 Kf7 20. e3 Nde4 21. Nxe4 Nxe4 22. Bxe4 dxe4 23. Bg3 Ba3 24. Rcd1 Rc2 25. d5 exd5 {Grandelius,N (2660)-Bosnjak,P (2337) chess.com INT 2023 1-0 (55)}) 11... Bg6 12. Nxg6 hxg6 13. b3 Rc8 14. Bb2 Qa5 15. Qd3 Ba3 16. Bxa3 Qxa3 17. Nb5 Qa5 18. Rfc1 a6 19. Nc3 Rc6 20. e3 Rfc8 21. Ne2 g5 22. a4 Qb4 23. Rxc6 Rxc6 24. Rc1 Rxc1+ 25. Nxc1 Qe1+ 26. Qf1 Qc3 27. Qd1 Ne4 28. Bxe4 dxe4 29. Ne2 Qb2 30. Ng3 Nf6 31. Kf1 g6 32. Kg1 Kg7 33. Kf1 Qc3 34. Kg1 Qb2 35. Kf1 Kf8 36. Kg1 Ke7 37. Kf1 Kd6 38. Kg1 Kc6 39. Kf1 b5 40. axb5+ Kxb5 41. Kg1 Kb4 42. Qf1 Qxb3 43. Qxa6 Qd1+ 44. Kh2 Qf3 45. Qb6+ Kc4 46. Qa6+ Kc3 47. Qa3+ Kd2 48. Qb2+ Ke1 49. Kg1 Kd1 50. Qb1+ Kd2 51. Qb2+ Kd3 52. Qb3+ Kd2 53. Nf1+ Kc1 54. Qc3+ Kb1 55. Nd2+ Ka2 56. Nxf3 exf3 57. Qc4+ Kb2 58. Qc7 Ne4 59. Qxf7 Nd2 60. Qxe6 1-0

[Event "Cappelle Online Bullet op"]
[Site "Europe Echecs INT"]
[Date "2021.03.05"]
[Round "5"]
[White "Mamedov, Rauf"]
[Black "Vakhidov, Jahongir"]
[Result "1-0"]
[WhiteElo "2654"]
[BlackElo "2533"]
[PlyCount "103"]
[EventDate "2021.03.05"]
[EventType "swiss (blitz)"]
[EventRounds "15"]
[EventCountry "FRA"]
[SourceTitle "EXT 2022"]
[Source "ChessBase"]
[SourceDate "2021.10.06"]
[SourceVersion "1"]
[SourceVersionDate "2021.10.06"]
[SourceQuality "1"]

1. g3 g6 2. Bg2 Bg7 3. d3 c5 4. e4 Nc6 5. Nf3 e5 6. O-O Nge7 7. a3 ({RR} 7. h4 h6 8. Be3 d6 9. Qd2 Be6 10. Nc3 Qd7 11. a3 Bh3 12. Nh2 Bxg2 13. Kxg2 f5 14. b4 Nd4 15. Nd5 Nxd5 16. exd5 Qf7 17. bxc5 Qxd5+ 18. Kg1 dxc5 19. Rab1 O-O-O 20. Bxd4 exd4 21. Qa5 Kb8 {Andriasian,Z (2620)-So,W (2705) Kazan 2013 0-1 (51)}) 7... d5 ({RR} 7... O-O 8. b4 d6 9. bxc5 dxc5 10. Be3 b6 11. Nbd2 f5 12. exf5 gxf5 13. Nc4 e4 14. Ng5 h6 15. Nh3 Be6 16. Nd2 Bxa1 17. Qxa1 Nd4 18. Bxh6 Rf6 19. Bg5 Rg6 20. dxe4 Rc8 21. Nf4 Rxg5 22. Nxe6 {Ernst,L (2133)-Bambino Filho,A (2169) chess.com INT 2024 0-1 (40)}) 8. exd5 Nxd5 9. Re1 $146 ({RR} 9. Bd2 O-O 10. Qc1 Bf5 11. Re1 Re8 12. Bh6 Qd7 13. Bxg7 Kxg7 14. Nbd2 Rac8 15. c4 Nf6 16. Nb3 b6 17. Bf1 Bh3 18. Be2 Bg4 19. Qc3 h6 20. Rad1 Rcd8 21. Qc2 Nh7 22. h4 Nf8 23. Nh2 Bxe2 {Dhulipalla,B (2178)-Das,A (2459) New Delhi 2015 0-1 (39)}) 9... O-O 10. Nbd2 a5 11. Rb1 Nde7 12. Ne4 b6 13. Bd2 Ra7 14. Nc3 Rd7 15. Bg5 f6 16. Be3 Kh8 17. Nd2 Bb7 18. Nc4 Ba8 19. Nb5 Nf5 20. Bd2 Bb7 21. Bc3 Ncd4 22. Bxd4 Nxd4 23. Nxd4 cxd4 24. Bxb7 Rxb7 25. a4 Qd7 26. b3 h5 27. Qf3 Kh7 28. b4 axb4 29. Rxb4 Rfb8 30. Reb1 Qe6 31. Rb5 f5 32. Re1 e4 33. Qf4 Re8 34. Reb1 Bh6 35. Qd6 Qf7 36. Rxb6 Rxb6 37. Qxb6 e3 38. Nd6 exf2+ 39. Kxf2 Be3+ 40. Kf1 Qa2 41. Qb7+ Kh6 42. Nxe8 Qxc2 43. Qg7+ Kg5 44. Qe7+ Kh6 45. Qf8+ Kg5 46. Qf6+ Kh6 47. Qh8+ Kg5 48. h4+ Kg4 49. Qxd4+ Kh3 50. Qxe3 Qg2+ 51. Ke1 Qh1+ 52. Ke2 1-0

[Event "ISR-ch 40th"]
[Site "Jerusalem"]
[Date "2021.03.13"]
[Round "7"]
[White "Mikhalevski, Victor"]
[Black "Nabaty, Tamir"]
[Result "1-0"]
[WhiteElo "2552"]
[BlackElo "2638"]
[PlyCount "33"]
[EventDate "2021.03.07"]
[EventType "swiss"]
[EventRounds "9"]
[EventCountry "ISR"]
[SourceTitle "CBM 201 Extra"]
[Source "ChessBase"]
[SourceDate "2021.05.30"]
[SourceVersion "1"]
[SourceVersionDate "2021.05.30"]
[SourceQuality "1"]

1. Nf3 d5 2. g3 Bf5 3. Bg2 c6 4. Nh4 ({RR} 4. O-O h6 5. d3 e6 6. c4 {0-1 (6) Matlakov,M (2704)-Li,C (2724) Qinhuangdao 2018}) 4... Bg4 5. c4 $146 ({RR} 5. h3 Bh5 6. c4 dxc4 7. Na3 f6 8. Nxc4 Bf7 9. d3 Bxc4 10. dxc4 Qxd1+ 11. Kxd1 Nd7 12. Kc2 e6 13. b3 Bc5 14. e3 Ne7 15. Bb2 O-O-O 16. Nf3 e5 17. h4 h5 18. Bh3 Kc7 19. Rhd1 Bd6 {Abolianin,A (2327)-Burmakin,V (2504) Amantea 2018 ½-½}) ({RR} 5. h3 Bh5 6. c4 e6 7. O-O Be7 8. Nf3 Nd7 9. d3 Ngf6 10. Qb3 Qb6 11. Qc2 O-O 12. g4 Bg6 13. Nh4 Rfc8 14. Nxg6 hxg6 15. Nd2 Bd6 16. Rb1 a5 17. b3 Qd8 18. Nf3 e5 19. Bb2 Qe7 {Narayanan,S (2622)-Burmakin,V (2435) chess.com INT 2025 1-0 (44)}) 5... dxc4 6. Na3 e5 7. Nxc4 Nd7 8. d4 Bb4+ 9. Bd2 Qe7 10. Ne3 Be6 11. Nef5 Bxf5 12. Nxf5 Bxd2+ 13. Qxd2 Qf6 14. Bh3 g6 15. dxe5 Nxe5 16. Nd6+ Kf8 17. f4 1-0

[Event "ISR-ch 40th"]
[Site "Jerusalem"]
[Date "2021.03.14"]
[Round "8"]
[White "Mikhalevski, Victor"]
[Black "Boruchovsky, Avital"]
[Result "1-0"]
[WhiteElo "2552"]
[BlackElo "2541"]
[PlyCount "65"]
[EventDate "2021.03.07"]
[EventType "swiss"]
[EventRounds "9"]
[EventCountry "ISR"]
[SourceTitle "CBM 201 Extra"]
[Source "ChessBase"]
[SourceDate "2021.05.30"]
[SourceVersion "1"]
[SourceVersionDate "2021.05.30"]
[SourceQuality "1"]

1. Nf3 d5 2. g3 e6 3. Bg2 Nf6 4. O-O b5 5. d3 Be7 6. e4 c6 7. e5 Nfd7 8. h4 O-O 9. Re1 b4 10. Nbd2 c5 11. Nf1 Nc6 12. N1h2 a5 13. Bf4 $146 ({RR} 13. Ng4 c4 14. d4 a4 15. Bg5 a3 16. b3 cxb3 17. cxb3 Bb7 18. Bf1 Rc8 19. Bd3 Qb6 20. Qd2 Kh8 21. Kg2 Rfe8 22. Bxe7 Rxe7 23. Qf4 Rf8 24. Nf6 h6 25. Ng5 Qxd4 26. Nxd7 Rxd7 27. Nxe6 Qxf4 {Kappeler,K (2113)-Antoniou,R (2007) chess.com INT 2024 0-1 (36)}) 13... a4 14. c4 Nb6 15. Qe2 Bb7 16. h5 Na5 17. Rac1 Ra7 18. h6 g6 19. Ng4 Nd7 20. Red1 Re8 21. Qe3 Qa8 22. Bg5 Bf8 23. Qf4 Nc6 24. cxd5 exd5 25. Bf6 Ne7 26. e6 fxe6 27. Nfe5 Nxe5 28. Bxe5 Nf5 29. Nf6+ Kf7 30. g4 Bxh6 31. Qh2 Rh8 32. Rxc5 Bg7 33. gxf5 1-0

[Event "Titled Tuesday intern op 09th Mar"]
[Site "Chess.com INT"]
[Date "2021.03.09"]
[Round "6"]
[White "Nakamura, Hikaru"]
[Black "Moradiabadi, Elshan"]
[Result "1-0"]
[WhiteElo "2736"]
[BlackElo "2555"]
[PlyCount "55"]
[EventDate "2021.03.09"]
[EventType "swiss (blitz)"]
[EventRounds "11"]
[EventCountry "USA"]
[SourceTitle "CBM 201 Extra"]
[Source "ChessBase"]
[SourceDate "2021.05.30"]
[SourceVersion "1"]
[SourceVersionDate "2021.05.30"]
[SourceQuality "1"]

1. Nf3 d5 2. e3 g6 3. c4 e6 4. d4 Bg7 5. Nc3 Ne7 6. cxd5 ({RR} 6. h4 h6 7. Bd3 Nd7 8. e4 dxe4 9. Nxe4 Nf5 10. h5 g5 11. Bc2 g4 12. Nfd2 Nxd4 13. Bb1 f5 14. O-O fxe4 15. Qxg4 O-O 16. Nxe4 Ne5 17. Qd1 Qh4 18. Be3 Ndf3+ 19. gxf3 Nxf3+ 20. Qxf3 Rxf3 {Moorhouse,W (2052)-Teterev,V (2257) chess.com INT 2025 0-1}) 6... exd5 7. g3 $146 ({RR} 7. Be2 O-O 8. O-O Nd7 9. b3 Re8 10. Bb2 c6 11. Rc1 Nf5 12. Na4 Nd6 13. Bd3 Nf6 14. Ne5 Nfe4 15. Bxe4 Nxe4 16. Qe2 Qe7 17. Nd3 h5 18. Rfe1 Qg5 19. Rc2 Bf8 20. Bc1 Bd6 21. f3 Bf5 {Vasques,J (1915)-Figueiredo,R (1988) Lisbon 2007 1-0 (69)}) 7... O-O 8. Bg2 c6 9. O-O a5 10. Ne1 Na6 11. a3 Be6 12. Nd3 Nf5 13. Bd2 Nd6 14. b3 Bf5 15. Be1 Re8 16. Rc1 Ne4 17. Nxe4 Bxe4 18. Bh3 Bf8 19. Ra1 Qg5 20. Ne5 Nc7 21. Bd2 Qh6 22. Bd7 Re7 23. f3 Rxd7 24. Nxd7 Bd3 25. Rf2 Qh3 26. Nxf8 Rxf8 27. Bxa5 Ne6 28. Qxd3 1-0

[Event "Titled Tuesday intern op 09th Mar"]
[Site "Chess.com INT"]
[Date "2021.03.09"]
[Round "6"]
[White "Praggnanandhaa, Rameshbabu"]
[Black "Tabatabaei, Mohammad Amin"]
[Result "1-0"]
[WhiteElo "2608"]
[BlackElo "2629"]
[PlyCount "89"]
[EventDate "2021.03.09"]
[EventType "swiss (blitz)"]
[EventRounds "11"]
[EventCountry "USA"]
[SourceTitle "CBM 201 Extra"]
[Source "ChessBase"]
[SourceDate "2021.05.30"]
[SourceVersion "1"]
[SourceVersionDate "2021.05.30"]
[SourceQuality "1"]

1. Nf3 d5 2. g3 g6 3. c4 dxc4 4. Na3 Bg7 5. Nxc4 Nc6 6. d3 e5 7. Bd2 Nge7 8. Bg2 a5 ({RR} 8... O-O 9. b4 e4 10. dxe4 Bxa1 11. Qxa1 f6 12. b5 Nb8 13. Bh6 Rf7 14. O-O Be6 15. Rd1 Qe8 16. Ne3 a6 17. e5 axb5 18. exf6 Rxa2 19. Qb1 Nec6 20. Ng5 Ra5 21. Nxe6 Qxe6 22. Bd5 Qxf6 23. Ng4 {Zeller,F (2322)-Semling,J (2213) Germany GER 2025 1-0}) 9. O-O O-O 10. Rc1 f6 11. h4 $146 ({RR} 11. Na3 Be6 12. Nb5 Bxa2 13. b3 a4 14. bxa4 Qd7 15. Qc2 Be6 16. Rb1 g5 17. Bxg5 fxg5 18. Nxg5 Bf5 19. Ne4 b6 20. Rfc1 Rac8 21. Ng5 Nd4 22. Nxd4 exd4 23. Qc4+ Kh8 24. Bb7 Rb8 25. Be4 Bf6 {Gomes,M (2332)-Khandhar,K (1840) Prague CZE 2024 ½-½ (70)}) 11... Be6 12. h5 Qd7 13. h6 Bh8 14. Be3 b6 15. Nfd2 Rac8 16. Ne4 Nd4 17. f4 exf4 18. Bxf4 Bg4 19. Nc3 g5 20. Be3 Ndf5 21. Ne4 Nxh6 22. Qd2 Be6 23. Kh1 Bg7 24. Bxb6 cxb6 25. Nxb6 Qe8 26. Nxc8 Qh5+ 27. Kg1 Bxc8 28. Rc7 Ng4 29. Rf3 Ng6 30. d4 h6 31. Nd6 Ba6 32. Nf5 Rf7 33. Rfc3 Rxc7 34. Rxc7 Bf8 35. Kf1 Nh2+ 36. Kg1 Qg4 37. Qc2 Qxe2 38. Qxe2 Bxe2 39. Kxh2 h5 40. Bd5+ Kh8 41. Bf7 h4 42. Bxg6 hxg3+ 43. Kxg3 Bd3 44. Rc8 Bxf5 45. Bxf5 1-0

[Event "Titled Tuesday intern op 09th Mar"]
[Site "Chess.com INT"]
[Date "2021.03.09"]
[Round "10"]
[White "Svane, Rasmus"]
[Black "Kobalia, Mihail"]
[Result "1-0"]
[WhiteElo "2613"]
[BlackElo "2587"]
[PlyCount "87"]
[EventDate "2021.03.09"]
[EventType "swiss (blitz)"]
[EventRounds "11"]
[EventCountry "USA"]
[SourceTitle "CBM 201 Extra"]
[Source "ChessBase"]
[SourceDate "2021.05.30"]
[SourceVersion "1"]
[SourceVersionDate "2021.05.30"]
[SourceQuality "1"]

1. Nf3 d5 2. g3 Bg4 3. Bg2 c6 4. O-O Nd7 5. h3 Bh5 6. d4 Ngf6 7. c4 e6 8. cxd5 exd5 9. Ne5 Bg6 10. Nc3 Be7 11. f4 Be4 12. Nxe4 Nxe4 13. Bxe4 dxe4 14. Qb3 Nxe5 15. dxe5 O-O $146 ({RR} 15... Qb6+ 16. Be3 Bc5 17. Bxc5 Qxc5+ 18. Kg2 Qb6 19. Rfd1 Qxb3 20. axb3 Ke7 21. Kf2 a5 22. Ke3 Ra6 23. Kxe4 Rb6 24. Rd3 Rd8 25. Rad1 Rxd3 26. Rxd3 Rb4+ 27. Kf3 g6 28. g4 Ke6 29. e3 c5 30. h4 {Svane,R (2628)-Bok,B (2614) chess.com INT 2023 1-0 (54)}) 16. Be3 Qc8 17. Kg2 h5 18. f5 Bd8 19. Rad1 Re8 20. e6 fxe6 21. Rd6 Bb6 22. Rxe6 Kh7 23. Bxb6 axb6 24. Rxe8 Qxe8 25. f6 Qg6 26. Qxb6 Rf8 27. Qxb7 Rxf6 28. Rxf6 Qxf6 29. Qb6 e3 30. Qxe3 Qxb2 31. Qe4+ Kh8 32. Qe8+ Kh7 33. Qxh5+ Kg8 34. Qe8+ Kh7 35. Qe4+ Kh8 36. a4 c5 37. Kf3 Qa2 38. Qe8+ Kh7 39. Qh5+ Kg8 40. Qxc5 Qxa4 41. Qc8+ Kh7 42. Qf5+ Kg8 43. Qe6+ Kh8 44. Qe8+ 1-0

[Event "Titled Tuesday intern op 16th Mar"]
[Site "Chess.com INT"]
[Date "2021.03.16"]
[Round "10"]
[White "Onischuk, Vladimir"]
[Black "Martinez Alcantara, Jose Eduardo"]
[Result "1-0"]
[WhiteElo "2622"]
[BlackElo "2620"]
[PlyCount "90"]
[EventDate "2021.03.16"]
[EventType "swiss (blitz)"]
[EventRounds "11"]
[EventCountry "USA"]
[SourceTitle "CBM 201 Extra"]
[Source "ChessBase"]
[SourceDate "2021.05.30"]
[SourceVersion "1"]
[SourceVersionDate "2021.05.30"]
[SourceQuality "1"]

1. Nf3 c5 2. g3 Nc6 3. Bg2 g6 4. d4 cxd4 5. Nxd4 Bg7 6. Nb3 d6 7. Nc3 ({RR} 7. e4 Nf6 8. Nc3 h5 9. h3 Be6 10. Nd5 O-O 11. c3 Qd7 12. Bg5 Rfe8 13. Bxf6 Bxf6 14. Nxf6+ exf6 15. Nd4 f5 16. O-O fxe4 17. Bxe4 Bxh3 18. Re1 d5 19. Bg2 Bxg2 20. Rxe8+ Rxe8 21. Kxg2 Ne5 {Gabrielian,A (2428)-Martinez Alcantara,J (2607) chess.com INT 2024 0-1 (46)}) 7... Nf6 ({RR} 7... h5 8. h3 Nf6 9. e4 Bd7 10. O-O Qc8 11. Kh2 a5 12. a4 Ne5 13. f4 Nc4 14. Nd4 O-O 15. b3 Nb6 16. Bb2 Qd8 17. e5 Ne8 18. e6 fxe6 19. Be4 e5 20. fxe5 Rxf1 21. Qxf1 Bxe5 22. Bxg6 {Shandrygin,N (2209)-Rodgers,J (2110) chess.com INT 2024 1-0 (33)}) 8. h3 O-O 9. e4 Rb8 $146 ({RR} 9... Be6 10. Nd5 a5 11. a4 Ne5 12. O-O Nxd5 13. exd5 Bd7 14. c3 b5 15. axb5 Bxb5 16. Re1 Nd3 17. Bf1 Nxc1 18. Bxb5 Nxb3 19. Qxb3 Qb6 20. Rxe7 Rfb8 21. c4 Qd4 22. Qf3 Bf6 23. Re2 Kg7 24. Kg2 {Onischuk,V (2622)-Martinez Alcantara,J (2620) Chess.com INT 2021 1-0 (45)}) 10. a4 Be6 11. Nd5 Qd7 12. g4 Ne5 13. Nd4 Rfc8 14. O-O Qd8 15. Nxe6 fxe6 16. Nf4 Qd7 17. c3 Nc4 18. Nd3 e5 19. b3 Na5 20. c4 Nc6 21. Be3 Rf8 22. b4 b6 23. a5 h5 24. g5 Ne8 25. axb6 axb6 26. Ra6 b5 27. cxb5 Rxb5 28. Qb3+ Kh7 29. Qc4 Nb8 30. Ra7 Rb7 31. Rxb7 Qxb7 32. b5 Nc7 33. Rb1 Rc8 34. Rc1 Nd7 35. Qc6 Qxc6 36. Rxc6 Nb8 37. Rc1 d5 38. b6 d4 39. Rxc7 Rd8 40. Bd2 Rd6 41. Ba5 Na6 42. Rc4 Rd7 43. Bf1 e6 44. Rc7 Nxc7 45. bxc7 Rd8 1-0